Piłka nożna - Serie A kółko i krzyżyk vol. 4 - Statystyki

Ogólne statystyki
  • Ten quiz został rozwiązany 175 razy
  • Średni wynik to 5 z 9
Statystyki odpowiedzi
Hint Odpowiedź % Poprawnych
Milan/Anglia Walker | Abraham | Loftus-Cheek | Tomori | Beckham | Hateley | Wilkins | Blissett | Greaves
88%
Inter/Turcja Calhanoglu | Belozoglu | Buruk | Sukur
72%
Milan/Turcja Calhanoglu | Davala
71%
Juve/Turcja Yildiz | Demiral
70%
Milan/Ghana Essien | Muntari | Boateng
54%
Inter/Ghana Asamoah | Donkor | Duncan | Muntari
42%
Juve/Ghana Asamoah | Boakye | Appiah
35%
Juve/Anglia Kelly | Iling-Junior | Platt | Jordan
30%
Inter/Anglia Young | Ince | Hitchens
21%
Nie znaleziono quizów pasujących do podanych kryteriów
Rozkład punktacji
Procent ludzi z każdym wynikiem
Percentyl według liczby udzielonych odpowiedzi
Twoja historia wyników
Nie rozwiązałeś tego quizu